Govt. of
Madhya Pradesh

Ethnicity Of Hindu Culture (Record no. 68597)

MARC details
000 -LEADER
fixed length control field 00238nam a22001097a 4500
082 ## - DEWEY DECIMAL CLASSIFICATION NUMBER
Classification number 954/SUR
100 ## - MAIN ENTRY--AUTHOR NAME
Personal name Sur,Dr.A.K.
245 ## - TITLE STATEMENT
Title Ethnicity Of Hindu Culture
260 ## - PUBLICATION, DISTRIBUTION, ETC. (IMPRINT)
Place of publication Kolkata
Name of publisher Kallol
Year of publication 2022
650 ## - SUBJECT ADDED ENTRY--TOPICAL TERM
Topical Term History
942 ## - ADDED ENTRY ELEMENTS (KOHA)
Koha item type Books
Holdings
Withdrawn status Lost status Damaged status Not for loan Home library Current library Date acquired Cost, normal purchase price Full call number Accession Number Price effective from Koha item type
        MACL MACL 24/01/2026 450.00 954/SUR CRE040380 24/01/2026 Books